000
00273nam a2200097Ia 4500
001
645681
005
20250826153628.0
008
250824s9999 xx 000 0 und d
245
0
_a
SİHİRLİ KRALLIK DENİZ KIZI KAYALIKLARI 4
_c
ROSİE BANKS
260
_b
DOĞAN EGMONT YAYINLARI
999
_c
645681
_d
645681